[Event "London Classic Open 2015"]
[Site "London ENG"]
[Date "2015.12.05"]
[Round "2.101"]
[White "Roque Sola, Jose Luis"]
[Black "Shamash, Michelle"]
[Result "1-0"]
[WhiteTitle "CM"]
[WhiteElo "1992"]
[BlackElo "1677"]
[WhiteFideId "5120390"]
[BlackFideId "4225767"]
[EventDate "2015.12.04"]

1. e4 c6 2. d4 d5 3. Nc3 dxe4 4. Nxe4 Bf5 5. Ng3 Bg6 6. Nf3 Nd7 7. h4 h6 8. h5
Bh7 9. Bd3 Bxd3 10. Qxd3 Ngf6 11. Bd2 e6 12. O-O-O Qc7 13. c4 O-O-O 14. Qc2 c5
15. Bc3 Bd6 16. Nf1 cxd4 17. Bxd4 Bc5 18. Ne3 Bxd4 19. Nxd4 Ne5 20. Kb1 Nc6 21.
Nb5 Qe5 22. c5 Rxd1+ 23. Rxd1 Qxh5 24. Nd6+ Kc7 25. Qb3 Rb8 26. Nb5+ Kc8 27. Nc4
Nd5 28. Ka1 a6 29. Nbd6+ Kd8 30. Nb6 Nxb6 31. Qxb6+ Kd7 32. f3 Nd4 33. c6+ Kxd6
34. c7+ Ke7 35. Qxd4 Re8 36. Qd8+ 1-0

[Event "London Classic Open 2015"]
[Site "London ENG"]
[Date "2015.12.05"]
[Round "2.102"]
[White "Modica, Jake"]
[Black "Cannon, Raymond C"]
[Result "1-0"]
[WhiteElo "1736"]
[BlackElo "1985"]
[WhiteFideId "442160"]
[BlackFideId "408018"]
[EventDate "2015.12.04"]

1. c4 Nf6 2. Nf3 c5 3. Nc3 g6 4. d4 cxd4 5. Nxd4 Bg7 6. e4 d6 7. Be2 O-O 8. O-O
Nc6 9. Be3 Bd7 10. Qd2 Ng4 11. Bxg4 Bxg4 12. Rac1 Qa5 13. h3 Bd7 14. Nb3 Qb4 15.
c5 Be6 16. cxd6 Bxb3 17. dxe7 Nxe7 18. axb3 Qxb3 19. Rfd1 Nc6 20. Nd5 Rfe8 21.
f3 Rad8 22. Bg5 Bd4+ 23. Kh1 Rd6 24. Bh6 f6 25. Bf4 Rdd8 26. h4 Kf7 27. Bc7 Rd7
28. Qh6 Rh8 29. Qf4 Rxd5 30. exd5 Be3 31. Qc4 Qxc4 32. Rxc4 Ne7 33. Bd6 Nf5 34.
Rc7+ Kg8 35. Rc8+ Kg7 36. Rxh8 Kxh8 37. Bb8 Bc5 38. d6 1-0

[Event "London Classic Open 2015"]
[Site "London ENG"]
[Date "2015.12.05"]
[Round "2.103"]
[White "Calvert, D Ian"]
[Black "Haddock, Paul"]
[Result "1-0"]
[WhiteElo "1984"]
[BlackElo "1623"]
[WhiteFideId "406368"]
[BlackFideId "419150"]
[EventDate "2015.12.04"]

1. b3 e5 2. Bb2 Nc6 3. e3 d5 4. Bb5 Bd6 5. f4 Qe7 6. Nf3 Bg4 7. fxe5 Bxe5 8.
Bxe5 Bxf3 9. Qxf3 Qxe5 10. Bxc6+ bxc6 11. O-O Nf6 12. Nc3 O-O 13. Qf4 Rae8 14.
Qxe5 Rxe5 15. Rf4 Ne4 16. d4 Nxc3 17. dxe5 Ne2+ 18. Kf2 Nxf4 19. exf4 c5 20. f5
Rd8 21. Rd1 Kf8 22. Kf3 c6 23. g4 h6 24. h4 Ke7 25. Kf4 a6 26. Re1 d4 27. Ke4
Rd5 28. Kd3 a5 29. Re4 Kd7 30. a3 Ke7 31. Kc4 Kd7 32. b4 cxb4 33. axb4 axb4 34.
Rxd4 Rxd4+ 35. Kxd4 g6 36. Kc5 gxf5 37. gxf5 Kc7 38. Kxb4 Kd7 39. Kc5 Kc7 40. h5
Kd7 41. c4 Kc7 42. e6 f6 43. e7 1-0

[Event "London Classic Open 2015"]
[Site "London ENG"]
[Date "2015.12.05"]
[Round "2.104"]
[White "Roque Sola, Gisela"]
[Black "Kazmierczak, Ewa"]
[Result "1-0"]
[WhiteTitle "WFM"]
[WhiteElo "1983"]
[BlackElo "1599"]
[WhiteFideId "5120241"]
[BlackFideId "1154877"]
[EventDate "2015.12.04"]

1. c4 e5 2. g3 Nf6 3. Bg2 Nc6 4. Nc3 g6 5. Nf3 Bg7 6. O-O O-O 7. Rb1 a5 8. a3 d6
9. b4 axb4 10. axb4 h6 11. d3 Be6 12. b5 Ne7 13. Bb2 Qd7 14. Re1 Bh3 15. Bh1
Rfe8 16. Ra1 Qd8 17. Rxa8 Qxa8 18. Qb3 Nd7 19. Ra1 Qb8 20. Qa2 Nc8 21. Nd2 Nc5
22. Nde4 Ne6 23. Nd5 f5 24. Nef6+ Kf7 25. Nxe8 Kxe8 26. Qb3 Kd7 27. Ra3 Ne7 28.
Qa2 Qe8 29. Nxe7 Kxe7 30. Bxb7 Qf7 31. Bd5 f4 32. Ra7 Kf6 33. gxf4 Kf5 34. fxe5
Bxe5 35. Bxe5 Kxe5 36. Qa1+ Kf5 37. Qc1 g5 38. Qe3 g4 39. Qxe6+ 1-0

[Event "London Classic Open 2015"]
[Site "London ENG"]
[Date "2015.12.05"]
[Round "2.105"]
[White "Chen, Meng Boon Marcus"]
[Black "Vachtfeidl, Petr"]
[Result "1/2-1/2"]
[WhiteElo "1715"]
[BlackElo "1983"]
[WhiteFideId "5812470"]
[BlackFideId "315028"]
[EventDate "2015.12.04"]

1. c4 g6 2. Nc3 c5 3. g3 Bg7 4. Bg2 Nc6 5. e4 d6 6. Nge2 Nf6 7. O-O O-O 8. d3
Rb8 9. f4 Bg4 10. h3 Bxe2 11. Nxe2 Qc7 12. g4 a6 13. f5 Nd7 14. Nf4 Nd4 15. Nd5
Qd8 16. g5 b5 17. f6 exf6 18. gxf6 Nxf6 19. Bg5 Nxd5 20. Bxd8 Ne3 21. Qe1 Nxf1
22. Be7 Nc2 23. Qxf1 Nxa1 24. Bxf8 Kxf8 25. Qxa1 bxc4 26. Qc1 Rxb2 27. Qxc4 Bd4+
28. Kh2 Be5+ 29. Kg1 Bd4+ 30. Kh2 1/2-1/2

[Event "London Classic Open 2015"]
[Site "London ENG"]
[Date "2015.12.05"]
[Round "2.106"]
[White "Millward, Kevin P"]
[Black "Thatte, Nandinee"]
[Result "1-0"]
[WhiteElo "1980"]
[BlackElo "1102"]
[WhiteFideId "404721"]
[BlackFideId "64300625"]
[EventDate "2015.12.04"]

1. e4 d6 2. Nc3 Nf6 3. g3 c6 4. Bg2 g6 5. d3 Bg7 6. Nge2 O-O 7. O-O Bg4 8. h3
Bd7 9. Be3 Qc8 10. Kh2 Re8 11. Qd2 e5 12. f4 Be6 13. Rf2 Nbd7 14. Raf1 b5 15. f5
gxf5 16. exf5 Bd5 17. Ne4 Rb8 18. Nxd6 Qc7 19. Nxe8 Bxg2 20. Nxc7 Bxf1 21. Rxf1
Rc8 22. Bh6 Bf8 23. d4 Rxc7 24. dxe5 Nxe5 25. Qg5+ Ng6 26. Bxf8 Kxf8 27. Qxf6
Ne7 28. Nd4 Nd5 29. Ne6+ Ke8 30. Qd8# 1-0

[Event "London Classic Open 2015"]
[Site "London ENG"]
[Date "2015.12.05"]
[Round "2.107"]
[White "Chen, Yi Jing Alvin"]
[Black "Xaxiris, E."]
[Result "1/2-1/2"]
[WhiteElo "1621"]
[BlackElo "1975"]
[WhiteFideId "5804051"]
[BlackFideId "4206720"]
[EventDate "2015.12.04"]

1. Nf3 f5 2. c4 Nf6 3. g3 g6 4. Bg2 Bg7 5. O-O O-O 6. d3 d6 7. Nc3 e5 8. Rb1 a5
9. a3 c6 10. Qc2 Na6 11. b4 axb4 12. axb4 Nc7 13. b5 Ne6 14. Bd2 f4 15. Ra1 Rxa1
16. Rxa1 g5 17. bxc6 bxc6 18. Qa4 Bd7 19. Rb1 Ng4 20. Qb4 Nc5 21. Na4 Nxa4 22.
Qxa4 h5 23. Qb4 Qf6 24. Qb7 Rf7 25. Qb8+ Bf8 26. Rb7 Qh6 27. Qa7 Nf6 28. c5 h4
29. g4 h3 30. Bh1 Rg7 31. cxd6 Bxd6 32. Qa8+ Kh7 33. Qd8 Be7 34. Qa5 Bxg4 35.
Qxe5 Bxf3 36. Rxe7 Bxh1 37. Rxg7+ Qxg7 38. Kxh1 Kg6 39. Bc3 c5 40. Qxc5 Qb7+ 41.
f3 Ng4 42. Qd6+ Kh5 43. Qb4 Qc6 44. Kg1 Ne3 45. Qb3 Nd5 46. Bd2 Qc5+ 47. Kf1 Qd4
48. Qa2 g4 49. fxg4+ Kxg4 50. Qa8 Qe5 51. Qg8+ Kh5 52. Qf7+ Kh6 53. Qf8+ Kg6 54.
Qg8+ Kh6 55. Qf8+ Kg6 56. Qg8+ Kh6 57. Qf8+ 1/2-1/2

[Event "London Classic Open 2015"]
[Site "London ENG"]
[Date "2015.12.05"]
[Round "3.1"]
[White "Postny, Evgeny"]
[Black "Summerscale, Aaron P"]
[Result "1-0"]
[WhiteTitle "GM"]
[BlackTitle "GM"]
[WhiteElo "2670"]
[BlackElo "2418"]
[WhiteFideId "2804344"]
[BlackFideId "400980"]
[EventDate "2015.12.04"]

1. d4 d6 2. Nf3 Nf6 3. c4 g6 4. Nc3 Bg7 5. e4 O-O 6. h3 Na6 7. Be3 c5 8. d5 e6
9. Bd3 exd5 10. exd5 Bf5 11. Bxf5 gxf5 12. O-O Ne4 13. Nxe4 fxe4 14. Ng5 Qe7 15.
Qg4 f5 16. Qh5 Bxb2 17. Rab1 Be5 18. Ne6 Rf7 19. f4 Bh8 20. g4 Nb4 21. gxf5 Bf6
22. Kh2 Nxa2 23. Rg1+ Kh8 24. Bd2 e3 25. Be1 Nb4 26. Qe2 a5 27. Rb3 a4 28. Rxe3
a3 29. Ng5 Qd7 30. Bc3 Bxc3 31. Nxf7+ Qxf7 32. Rxc3 a2 33. Ra3 1-0

[Event "London Classic Open 2015"]
[Site "London ENG"]
[Date "2015.12.05"]
[Round "3.3"]
[White "Williams, Simon K"]
[Black "Hawkins, Jonathan"]
[Result "1/2-1/2"]
[WhiteTitle "GM"]
[BlackTitle "GM"]
[WhiteElo "2439"]
[BlackElo "2569"]
[WhiteFideId "404454"]
[BlackFideId "412686"]
[EventDate "2015.12.04"]

1. d4 d5 2. c4 e6 3. Nc3 Nf6 4. cxd5 exd5 5. Bg5 c6 6. e3 Bf5 7. Qf3 Bg6 8. Bxf6
Qxf6 9. Qxf6 gxf6 10. Nf3 Nd7 11. Nh4 Nb6 12. f4 f5 13. Bd3 Nc4 14. Bxc4 dxc4
15. a4 O-O-O 16. Kf2 c5 17. d5 Bg7 18. Rhd1 Rd6 19. Rd2 Rhd8 20. Rad1 Rb6 21. d6
Kd7 22. Nb5 Bf6 23. Nf3 Bh5 24. Rc2 a6 25. Na3 Rxd6 26. Rxd6+ Kxd6 27. Nxc4+ Kc6
28. Na5+ Kb6 29. Nc4+ Kc6 30. Na5+ Kb6 31. Nc4+ 1/2-1/2

[Event "London Classic Open 2015"]
[Site "London ENG"]
[Date "2015.12.05"]
[Round "3.4"]
[White "Dragun, Kamil"]
[Black "Esserman, Marc"]
[Result "1/2-1/2"]
[WhiteTitle "GM"]
[BlackTitle "IM"]
[WhiteElo "2564"]
[BlackElo "2411"]
[WhiteFideId "1134167"]
[BlackFideId "2018616"]
[EventDate "2015.12.04"]

1. d4 d5 2. c4 e6 3. Nc3 c6 4. e3 Nf6 5. Nf3 Nbd7 6. Bd3 dxc4 7. Bxc4 b5 8. Bd3
Bd6 9. O-O O-O 10. Qc2 Bb7 11. Rd1 Rc8 12. Ng5 h6 13. Nge4 Be7 14. Nc5 Nxc5 15.
dxc5 Qc7 16. b4 a5 17. a3 Rcd8 18. Bb2 Nd5 19. Nxd5 exd5 20. Bd4 Bf6 21. Bxf6
gxf6 1/2-1/2

[Event "London Classic Open 2015"]
[Site "London ENG"]
[Date "2015.12.05"]
[Round "3.5"]
[White "Korley, Kassa"]
[Black "Rambaldi, Francesco"]
[Result "1/2-1/2"]
[WhiteTitle "IM"]
[BlackTitle "GM"]
[WhiteElo "2389"]
[BlackElo "2560"]
[WhiteFideId "2033801"]
[BlackFideId "20657307"]
[EventDate "2015.12.04"]

1. d4 Nf6 2. Nf3 g6 3. c4 Bg7 4. Nc3 d5 5. Qb3 dxc4 6. Qxc4 O-O 7. Bf4 c6 8. Rd1
Qb6 9. Qb3 Qxb3 10. axb3 Be6 11. Nd2 Nh5 12. Bxb8 Rfxb8 13. e3 Rc8 14. Bc4 Bg4
15. Be2 Bxe2 16. Kxe2 e5 17. dxe5 Bxe5 18. Nc4 Bxc3 19. bxc3 Nf6 20. Nd6 Rc7 21.
e4 Kf8 22. f4 b5 23. c4 bxc4 24. bxc4 a5 25. e5 Nd7 26. Kd3 a4 27. Rhe1 Nc5+ 28.
Kc3 a3 29. Re2 Ke7 30. Rde1 Rd7 31. Re3 Rda7 32. f5 Nd7 33. fxg6 fxg6 34. Kd4
Ke6 35. Ne4 Ra5 36. Ng5+ Ke7 37. Nxh7 Rd8 38. Ng5 Nxe5+ 39. Kc3 Kf6 40. Nf3 Re8
41. Nd2 1/2-1/2

[Event "London Classic Open 2015"]
[Site "London ENG"]
[Date "2015.12.05"]
[Round "3.6"]
[White "Vakhidov, Jahongir"]
[Black "Kiik, Kalle"]
[Result "1-0"]
[WhiteTitle "GM"]
[BlackTitle "IM"]
[WhiteElo "2546"]
[BlackElo "2382"]
[WhiteFideId "14201801"]
[BlackFideId "4500075"]
[EventDate "2015.12.04"]

1. c4 e6 2. Nc3 d5 3. d4 c5 4. e3 Nf6 5. Nf3 Nc6 6. cxd5 exd5 7. Bb5 Bd6 8. dxc5
Bxc5 9. O-O O-O 10. h3 Be6 11. b3 Qa5 12. Bb2 Rfd8 13. Bxc6 bxc6 14. Na4 Be7 15.
Rc1 Rac8 16. Bc3 Qa6 17. Bxf6 Bxf6 18. Nc5 Qxa2 19. Nd4 Qa3 20. Qd2 Re8 21. b4
a5 22. bxa5 Ra8 23. a6 Bc8 24. Nxc6 Bxa6 25. Nxa6 Qxa6 26. Qxd5 g6 27. e4 Qa2
28. Rfd1 h5 29. e5 Bg7 30. Rc4 Qe2 31. Rf4 Qa2 32. Qxa2 Rxa2 33. Rd7 Ra1+ 34.
Kh2 Rf8 35. Rb4 Rc1 36. Ne7+ Kh7 37. f4 g5 38. Nf5 Re1 39. Nd6 Kg8 40. Rbb7 gxf4
41. Nxf7 Re2 42. Ng5 Bxe5 43. Nf3 Bf6 44. Rh7 h4 45. Rh6 Rf7 46. Rb8+ Kg7 47.
Rhh8 Kg6 48. Rb6 Kg7 49. Rh5 Ra2 50. Rb4 Bd8 51. Rd5 Be7 52. Re4 Ra7 53. Nd4 Kh7
54. Kg1 Ra1+ 55. Kf2 Ra2+ 56. Ne2 Kg6 57. Re6+ Kg7 58. Re4 Kg6 59. Rb5 Bg5 60.
Kf3 Bh6 61. Kg4 Kh7 62. Kh5 Ra6 63. Rbe5 Bg7 64. Re7 Rff6 65. Nxf4 Rh6+ 66. Kg4
Kg8 67. Re8+ Kh7 68. R8e6 Rhxe6 69. Rxe6 Ra4 70. Kg5 Bc3 71. Ng6 Bd2+ 72. Kh5
Kg7 73. Nxh4 Kf7 74. Re5 Kf6 75. Rf5+ Ke6 76. Rb5 Kf6 77. g4 Ra3 78. Rf5+ Kg7
79. Rf3 Ra5+ 80. Nf5+ Kf6 81. h4 Ra8 82. g5+ Ke5 83. Nh6 Ke4 84. Rf7 Bc3 85. Kg4
Ke5 86. Re7+ Kd5 87. h5 Ra1 88. Nf7 Rf1 89. h6 1-0

[Event "London Classic Open 2015"]
[Site "London ENG"]
[Date "2015.12.05"]
[Round "3.7"]
[White "Hillarp Persson, Tiger"]
[Black "Martins, David Pires Tavares"]
[Result "1/2-1/2"]
[WhiteTitle "GM"]
[BlackTitle "FM"]
[WhiteElo "2521"]
[BlackElo "2372"]
[WhiteFideId "1700812"]
[BlackFideId "1909991"]
[EventDate "2015.12.04"]

1. d4 e6 2. c4 f5 3. g3 Nf6 4. Bg2 d5 5. Nh3 c6 6. O-O Bd6 7. Bf4 Be7 8. Nd2 O-O
9. Rc1 h6 10. Bxb8 Rxb8 11. Nf4 Bd6 12. Nf3 Ne4 13. Ne5 Bxe5 14. dxe5 Qb6 15.
Nd3 Rd8 16. cxd5 exd5 17. Kh1 Ng5 18. Qc2 Rf8 19. b4 Ne6 20. Qd2 Bd7 21. a4 Rbd8
22. Rfd1 Be8 23. a5 Qc7 24. f4 a6 25. Qe3 Qe7 26. Nc5 Nxc5 27. Qxc5 Qxc5 28.
bxc5 Bd7 29. Bf3 Kf7 30. h3 Ke7 31. Rd4 g5 32. Rb1 Bc8 33. Bh5 Rg8 34. Rdb4 gxf4
35. gxf4 Rg3 36. R4b3 Rdg8 37. Rxg3 Rxg3 38. Bf3 Kd8 39. Kh2 Rg7 40. Bg2 Kc7 41.
Rb3 Kd8 42. Bf3 Be6 43. e3 Bc8 44. Rb2 Ke7 45. Be2 Kd8 46. Rb1 Ke8 47. Bf3 Kf8
48. Rb2 Ke8 49. Bg2 Kf8 50. Kg1 Ke8 51. Kf2 Kd8 52. Bf3 Ke8 53. Bh5+ Kf8 54. Bf3
Ke8 55. Bg2 Kf8 56. h4 Ke8 57. Bh3 Kf8 58. Rd2 Ke7 59. Rd1 Be6 60. Rd4 Bc8 61.
Rb4 Ke8 62. Bg2 Ke7 63. Bf3 Ke6 64. Rb6 Rg8 65. Be2 Kd7 66. Bd3 Kc7 67. Rb1 Rg7
68. Rh1 Kd8 69. Rh2 Be6 70. Bf1 Ke7 71. Bg2 Kd8 72. Ke2 Ke8 73. Kd3 Kd8 74. Kd4
Kc7 75. Bf3 Rg1 76. Rg2 Rxg2 77. Bxg2 Kd8 78. Bf3 Ke7 79. Bh5 Bf7 80. Bxf7 1/2-1/2

[Event "London Classic Open 2015"]
[Site "London ENG"]
[Date "2015.12.05"]
[Round "3.8"]
[White "Gulamali, Kazim"]
[Black "Vishnu Prasanna, V"]
[Result "1/2-1/2"]
[WhiteTitle "FM"]
[BlackTitle "GM"]
[WhiteElo "2379"]
[BlackElo "2514"]
[WhiteFideId "2024764"]
[BlackFideId "5030692"]
[EventDate "2015.12.04"]

1. e4 c5 2. Nc3 d6 3. Nf3 a6 4. d4 cxd4 5. Nxd4 Nf6 6. Be3 Ng4 7. Bc1 Nf6 8. Be3
e5 9. Nb3 Be7 10. h3 Be6 11. Qf3 O-O 12. O-O-O Qc7 13. g4 Rc8 14. g5 Nfd7 15.
Kb1 a5 16. a4 Nb6 17. Bxb6 Qxb6 18. Nd5 Bxd5 19. Rxd5 Qc7 20. Bd3 Nd7 21. h4 Nb6
22. Rxa5 Rxa5 23. Nxa5 Nxa4 24. Nb3 b5 25. Qe2 d5 26. Bxb5 Nxb2 27. exd5 Ba3 28.
Rh3 Qb6 29. Re3 Nd1 30. Qxd1 Qxb5 31. Rxe5 g6 32. Qe2 Qb8 33. Re4 Bf8 34. Qe3
Qa8 35. Qd3 Rd8 36. c4 Qa3 37. Kc2 Rb8 38. Re3 Bc5 39. Rf3 Bxf2 40. d6 Qa2+ 41.
Kc1 Re8 42. Qd2 Qa3+ 43. Kc2 Qa2+ 44. Kc1 Qa3+ 45. Kc2 Qa2+ 1/2-1/2

[Event "London Classic Open 2015"]
[Site "London ENG"]
[Date "2015.12.05"]
[Round "3.9"]
[White "Gledura, Benjamin"]
[Black "Krishna C R G"]
[Result "0-1"]
[WhiteTitle "IM"]
[BlackTitle "IM"]
[WhiteElo "2513"]
[BlackElo "2367"]
[WhiteFideId "712779"]
[BlackFideId "5018625"]
[EventDate "2015.12.04"]

1. d4 d5 2. c4 c6 3. Nf3 Nf6 4. e3 Bf5 5. Nc3 a6 6. Qb3 b5 7. c5 a5 8. Ne5 a4 9.
Qd1 g6 10. g4 Be6 11. Bg2 Qc8 12. h3 Bg7 13. Nd3 h5 14. g5 Nh7 15. h4 Nd7 16.
Nb4 O-O 17. O-O Rd8 18. Ne2 Nb8 19. Ng3 Nf8 20. f4 Bg4 21. Bf3 Bh3 22. Rf2 Qc7
23. Kh2 Bc8 24. Bd2 Ne6 25. Nd3 Nd7 26. Rc1 Re8 27. Kg2 Ndf8 28. Qc2 Bh8 29. Ne5
Ng7 30. e4 f6 31. Nd3 fxg5 32. fxg5 Nge6 33. exd5 Nxd4 34. Qb1 Qd7 35. Nf4 Nxf3
36. Rxf3 e5 37. Ne6 Qxd5 38. Nxf8 Rxf8 39. Qxg6+ Bg7 40. Ne4 Bf5 0-1

[Event "London Classic Open 2015"]
[Site "London ENG"]
[Date "2015.12.05"]
[Round "3.10"]
[White "Guramishvili, Sopiko"]
[Black "Sadzikowski, Daniel"]
[Result "1/2-1/2"]
[WhiteTitle "IM"]
[BlackTitle "IM"]
[WhiteElo "2368"]
[BlackElo "2506"]
[WhiteFideId "13602888"]
[BlackFideId "1132253"]
[EventDate "2015.12.04"]

1. d4 d5 2. c4 c6 3. Nc3 Nf6 4. e3 e6 5. Nf3 Nbd7 6. Qc2 Bd6 7. g4 h6 8. h3 dxc4
9. e4 e5 10. Bxc4 exd4 11. Nxd4 Ne5 12. Be2 Ng6 13. Be3 Qc7 14. O-O-O Bf4 15.
Nf5 Bxf5 16. exf5 Nh4 17. Kb1 O-O 18. Bd4 Be5 19. Be3 Bf4 20. Bd4 Be5 21. Be3 1/2-1/2

[Event "London Classic Open 2015"]
[Site "London ENG"]
[Date "2015.12.05"]
[Round "3.13"]
[White "Baches Garcia, Guillermo"]
[Black "Swayams, Mishra"]
[Result "0-1"]
[WhiteTitle "IM"]
[BlackTitle "IM"]
[WhiteElo "2356"]
[BlackElo "2477"]
[WhiteFideId "2209764"]
[BlackFideId "5028183"]
[EventDate "2015.12.04"]

1. e4 e6 2. d4 d5 3. exd5 exd5 4. Nf3 Bd6 5. c4 c6 6. Nc3 Nf6 7. Bd3 O-O 8. O-O
dxc4 9. Bxc4 Bg4 10. h3 Bh5 11. g4 Bg6 12. Ne5 b5 13. Bb3 b4 14. Ne2 Qc7 15.
Nxg6 hxg6 16. Qd3 Nd5 17. Bd2 Nd7 18. Rac1 N7b6 19. Rc2 Qb7 20. Rfc1 Rac8 21.
Qf3 a5 22. Bf4 Be7 23. Bg3 Bg5 24. Rd1 a4 25. Bxd5 Nxd5 26. Rc4 Rfe8 27. Rc2 b3
28. axb3 Qxb3 29. Qd3 Qxd3 30. Rxd3 Nb4 31. Rdc3 Nxc2 32. Rxc2 Bf6 33. Kf1 Rcd8
34. Rc4 c5 35. Rxc5 Bxd4 36. Rb5 Bf6 37. Nf4 Rb8 0-1

[Event "London Classic Open 2015"]
[Site "London ENG"]
[Date "2015.12.05"]
[Round "3.14"]
[White "Andersen, Mads"]
[Black "Englert, Fabian"]
[Result "1-0"]
[WhiteTitle "IM"]
[BlackTitle "FM"]
[WhiteElo "2474"]
[BlackElo "2350"]
[WhiteFideId "1413864"]
[BlackFideId "24614467"]
[EventDate "2015.12.04"]

1. d4 d5 2. Nf3 c6 3. Bf4 Qb6 4. Qc1 Bf5 5. e3 Nf6 6. Be2 e6 7. O-O Be7 8. c4
O-O 9. Nc3 Nbd7 10. h3 Rfc8 11. c5 Qd8 12. b4 Ne4 13. Nxe4 Bxe4 14. Nd2 b5 15.
a4 a6 16. Ra3 Bg6 17. Qb2 e5 18. Bxe5 Nxe5 19. dxe5 a5 20. axb5 axb4 21. Rxa8
Rxa8 22. Qxb4 cxb5 23. Rc1 Ra2 24. Bxb5 Qb8 25. Nf3 Rc2 26. Rxc2 Bxc2 27. Nd4
Be4 28. Nc6 Qb7 29. Nxe7+ Qxe7 30. Qd4 Qb7 31. Bd3 h5 32. Bxe4 dxe4 33. Qd6 Qb1+
34. Kh2 Qc2 35. c6 1-0

[Event "London Classic Open 2015"]
[Site "London ENG"]
[Date "2015.12.05"]
[Round "3.15"]
[White "Jackson, James P"]
[Black "Hebden, Mark L"]
[Result "0-1"]
[WhiteTitle "FM"]
[BlackTitle "GM"]
[WhiteElo "2355"]
[BlackElo "2469"]
[WhiteFideId "416860"]
[BlackFideId "400084"]
[EventDate "2015.12.04"]

1. e4 e5 2. Nf3 Nc6 3. Bb5 a6 4. Ba4 Nf6 5. O-O Be7 6. Re1 b5 7. Bb3 O-O 8. h3
Bb7 9. d3 d6 10. a3 Qd7 11. Nc3 Rae8 12. Bg5 Kh8 13. Nd5 Nxd5 14. Bxd5 Bc8 15.
c3 Bxg5 16. Nxg5 h6 17. Nf3 Ne7 18. Bb3 Ng6 19. d4 Qe7 20. a4 c5 21. axb5 axb5
22. Bd5 Nf4 23. Bc6 Qf6 24. Bxe8 Bxh3 25. g3 Rxe8 26. Ra6 cxd4 27. cxd4 Ne6 28.
dxe5 dxe5 29. Nh2 Rc8 30. Qb3 Qg5 31. Raa1 Qh5 32. Qxb5 Nd4 33. Qd3 Bg4 34. Nxg4
Qxg4 35. Re3 Rc2 36. b4 h5 37. b5 Qe6 38. Kg2 g6 39. Ra4 Qf6 40. Rf3 Nxf3 41.
Qxf3 Qxf3+ 42. Kxf3 Rb2 43. Ra8+ Kg7 44. Rb8 Kf6 45. b6 Kg5 46. Re8 Kf6 47. Rb8
Rb3+ 48. Ke2 Kg5 49. Rf8 f6 50. f4+ exf4 51. gxf4+ Kxf4 52. Rxf6+ Kg5 53. Re6 h4
54. Kf2 Rb2+ 55. Kg1 Kh5 56. e5 Rb1+ 57. Kh2 Rb5 58. Kg2 g5 59. Kf3 h3 60. Re8
Rb3+ 61. Ke4 Kg4 62. Re6 h2 0-1

[Event "London Classic Open 2015"]
[Site "London ENG"]
[Date "2015.12.05"]
[Round "3.16"]
[White "Bartholomew, John"]
[Black "Buchicchio, Giampaolo"]
[Result "1-0"]
[WhiteTitle "IM"]
[BlackTitle "FM"]
[WhiteElo "2443"]
[BlackElo "2313"]
[WhiteFideId "2019353"]
[BlackFideId "811491"]
[EventDate "2015.12.04"]

1. d4 d5 2. c4 c6 3. Nf3 Nf6 4. Qc2 g6 5. Bf4 Bf5 6. Qb3 Qb6 7. e3 Na6 8. Nc3
Nb4 9. c5 Nd3+ 10. Bxd3 Qxb3 11. axb3 Bxd3 12. Ne5 Bf5 13. b4 Bd7 14. b5 Nh5 15.
bxc6 Bxc6 16. b4 Nxf4 17. exf4 e6 18. Kd2 Bh6 19. g3 Bd7 20. Ra3 a6 21. b5 Bg7
22. Rha1 Bc8 23. Na4 f6 24. Nb6 Rb8 25. bxa6 bxa6 26. Nc6 1-0

[Event "London Classic Open 2015"]
[Site "London ENG"]
[Date "2015.12.05"]
[Round "3.17"]
[White "Cherniaev, Alexander"]
[Black "Osborne, Marcus E"]
[Result "1/2-1/2"]
[WhiteTitle "GM"]
[WhiteElo "2441"]
[BlackElo "2180"]
[WhiteFideId "4117301"]
[BlackFideId "404608"]
[EventDate "2015.12.04"]

1. d4 Nf6 2. g3 e6 3. Bg2 c5 4. Nf3 cxd4 5. O-O a6 6. Nxd4 Bc5 7. c4 d6 8. b4
Ba7 9. Bb2 Qc7 10. Nd2 e5 11. N4b3 Nc6 12. a3 Be6 13. Rc1 Qd7 14. b5 axb5 15.
cxb5 Ne7 16. Nc4 O-O 17. a4 Bd5 18. Ba3 Bxc4 19. Rxc4 d5 20. Rc1 Rfc8 21. Nc5
Qd6 22. Bh3 Bxc5 23. Bxc8 Bxa3 24. Bxb7 Ra7 25. Bxd5 Nfxd5 26. Rc4 Nb6 27. Rc3
Nbd5 28. Rc4 Nb6 29. Rc3 1/2-1/2

[Event "London Classic Open 2015"]
[Site "London ENG"]
[Date "2015.12.05"]
[Round "3.18"]
[White "Vuilleumier, Alexandre"]
[Black "Sagar, Shah"]
[Result "0-1"]
[WhiteTitle "IM"]
[BlackTitle "IM"]
[WhiteElo "2342"]
[BlackElo "2441"]
[WhiteFideId "1305662"]
[BlackFideId "5022509"]
[EventDate "2015.12.04"]

1. e4 c6 2. d4 d5 3. e5 Bf5 4. Nf3 e6 5. Be2 Nd7 6. O-O Bg6 7. a4 Nh6 8. a5 a6
9. c4 dxc4 10. Bxc4 Nf5 11. Bg5 Be7 12. Bxe7 Nxe7 13. Nc3 Nd5 14. Qb3 Rb8 15.
Rfc1 O-O 16. Nxd5 cxd5 17. Bf1 b6 18. Bxa6 bxa5 19. Qa4 Be4 20. Ne1 Rb4 21. Qxa5
Qxa5 22. Rxa5 Rxd4 23. f4 g5 24. Rc7 Nb8 25. Bc8 Rb4 26. fxg5 Rxb2 27. Nf3 Bxf3
28. gxf3 Rb6 29. Bb7 Rd8 30. Ra7 Kg7 31. Bc8 Rf8 32. Bb7 Kg6 33. f4 Kf5 34. Ra4
Rb2 35. Bc8 Rb6 36. Bb7 Kg6 37. Kf2 h6 38. gxh6 Kxh6 39. f5 Kg5 40. fxe6 fxe6+
41. Ke3 Rb3+ 42. Ke2 Kf5 43. Rc8 Rxc8 44. Bxc8 Rc3 45. Bb7 Kxe5 46. Rh4 Rc7 47.
Rb4 Nd7 48. Ba6 Rc2+ 49. Kd1 Rxh2 0-1

[Event "London Classic Open 2015"]
[Site "London ENG"]
[Date "2015.12.05"]
[Round "3.19"]
[White "Karthik, V. AP"]
[Black "Wegerle, Joerg"]
[Result "1/2-1/2"]
[BlackTitle "IM"]
[WhiteElo "2310"]
[BlackElo "2440"]
[WhiteFideId "25006479"]
[BlackFideId "4644743"]
[EventDate "2015.12.04"]

1. d4 d5 2. c4 e6 3. Nc3 Be7 4. cxd5 exd5 5. Bf4 c6 6. Qc2 Bd6 7. Bxd6 Qxd6 8.
e3 Ne7 9. Bd3 b6 10. Nf3 Ba6 11. O-O Bxd3 12. Qxd3 O-O 13. e4 Nd7 14. Rfe1 Rfe8
15. Rad1 Nf8 16. Qc2 Rac8 17. Qa4 a5 18. Qc2 Ne6 19. a3 Qc7 20. Rc1 Qb7 21. Qb3
Rcd8 22. Na4 dxe4 23. Rxe4 Nd5 24. Rce1 Re7 25. Nc3 Rde8 26. h3 h6 27. Qd1 Nf6
28. Re5 Nf4 29. Nh4 Qc7 30. Nf3 Ng6 31. Rxe7 Rxe7 32. Rxe7 Qxe7 33. Qb3 Nd7 34.
Qc4 Qe6 35. d5 cxd5 36. Qxd5 Qxd5 37. Nxd5 Kf8 38. Nd4 Ne7 39. Ne3 g6 40. Kf1
Nc5 41. Ke2 Ke8 42. g3 h5 43. Nc4 Nd5 44. Nc2 Nd7 45. N2e3 Nc7 46. Kd3 Ke7 47.
Nd2 Nc5+ 48. Kd4 N5e6+ 49. Kd3 Nc5+ 50. Kc4 Kd6 51. b4 1/2-1/2